|
|
|
|
| LEADER |
00856cam a2200241 7i4500 |
| 001 |
0000042495 |
| 005 |
20170222090000.0 |
| 020 |
|
|
|a 0838910165 (pbk.)
|
| 020 |
|
|
|a 9780838910160 (pbk.)
|
| 090 |
0 |
0 |
|a Z682.2.U5
|b G54 2010
|
| 100 |
1 |
|
|a Giesecke, Joan
|
| 245 |
1 |
0 |
|a Fundamentals of library supervision
|c Joan Giesecke and Beth McNeil.
|
| 250 |
|
|
|a 2nd ed.
|
| 260 |
|
|
|a Chicago:
|b American Library Association,
|c 2010.
|
| 300 |
|
|
|a x, 189 p.:
|b ill.;
|c 23 cm.
|
| 490 |
0 |
|
|a ALA fundamentals series
|
| 650 |
0 |
0 |
|a Library personnel management --
|z United States
|
| 650 |
0 |
0 |
|a Supervision of employees
|
| 700 |
1 |
|
|a McNeil, Beth
|
| 997 |
|
|
|a Communication, Visual Art & Computing, Faculty
|b Communication, Department
|
| 998 |
|
|
|a Library Science, Diploma
|
| 998 |
|
|
|a Library Science, Degree
|
| 999 |
|
|
|a 0000055730
|b BOK
|c OPEN SHELF
|e 1st Floor, Bestari Jaya
|